000 00338nam a22001457a 4500
003 OSt
008 240507b |||||||| |||| 00| 0 eng d
020 _a9789353509019
082 _a153.35 AGD
100 _aAGARWAL, Anuja
245 _aDesign Tinking
260 _aNew Delhi
_bCengage
_c2024
300 _axvi,11.14,1.6
942 _2ddc
_cBK
999 _c12638
_d12638